Relaciones histórico-geográfico-estadísticas de los pueblos de España hechas por iniciativa de Felipe II / (Registro nro. 141883)
[ vista simple ]
| 000 -LEADER | |
|---|---|
| campo de control de longitud fija | 01523nam a2200337 i 4500 |
| 001 - NÚMERO DE CONTROL | |
| campo de control | 141883 |
| 003 - IDENTIFICADOR DE NÚMERO DE CONTROL | |
| campo de control | ES-MaACL |
| 005 - FECHA Y HORA DE LA ÚLTIMA TRANSACCIÓN | |
| campo de control | 20250809184645.0 |
| 007 - CAMPO FIJO DE DESCRIPCIÓN FÍSICA--INFORMACIÓN GENERAL | |
| campo de control de longitud fija | t| |
| 008 - DATOS DE LONGITUD FIJA--INFORMACIÓN GENERAL | |
| campo de control de longitud fija | 071001s1949 sp |||| | spa d |
| 080 ## - NÚMERO DE LA CLASIFICACIÓN DECIMAL UNIVERSAL | |
| Número de la Clasificación Decimal Universal | 946"15"(093) |
| 245 00 - MENCIÓN DEL TÍTULO | |
| Título | Relaciones histórico-geográfico-estadísticas de los pueblos de España hechas por iniciativa de Felipe II / |
| Mención de responsabilidad, etc. | [edición de] Carmelo Viñas y Mey y Ramón Paz. |
| 260 ## - PUBLICACIÓN, DISTRIBUCIÓN, ETC. | |
| Lugar de publicación, distribución, etc. | Madrid : |
| Nombre del editor, distribuidor, etc. | Consejo Superior de Investigaciones Científicas, |
| Fecha de publicación, distribución, etc. | 1949. |
| 300 ## - DESCRIPCIÓN FÍSICA | |
| Extensión | 3 v. ; |
| Dimensiones | 26 cm. |
| 505 8# - NOTA DE CONTENIDO CON FORMATO | |
| Nota de contenido con formato | Contiene : I. Provincia de Madrid (XVII, 784 p.) - II. Reino de Toledo, primera parte (XXIII, 575 p.) - III. Ciudad Real (XXIV, 618 p.) |
| 594 ## - Nota al título y mención de responsabilidad | |
| Nota al título y mención de responsabilidad | En port.: Instituto Balmes, de Sociología; Instituto Juan Sebastián Elcano, de Geografía. |
| 651 ## - PUNTO DE ACCESO ADICIONAL DE MATERIA--NOMBRE GEOGRÁFICO | |
| Nombre geográfico | Madrid (Comunidad Autónoma)- |
| Subdivisión general | Descripción- |
| Subdivisión de forma | Obras anteriores a 1800. |
| 9 (RLIN) | 155103 |
| 651 #4 - PUNTO DE ACCESO ADICIONAL DE MATERIA--NOMBRE GEOGRÁFICO | |
| Nombre geográfico | Madrid (Comunidad Autónoma)- |
| Subdivisión general | Historia. |
| 9 (RLIN) | 8997 |
| 651 #4 - PUNTO DE ACCESO ADICIONAL DE MATERIA--NOMBRE GEOGRÁFICO | |
| Nombre geográfico | Toledo (Provincia)- |
| Subdivisión general | Descripción. |
| 9 (RLIN) | 169481 |
| 651 #4 - PUNTO DE ACCESO ADICIONAL DE MATERIA--NOMBRE GEOGRÁFICO | |
| Nombre geográfico | Toledo (Provincia)- |
| Subdivisión general | Historia. |
| 9 (RLIN) | 153468 |
| 651 #4 - PUNTO DE ACCESO ADICIONAL DE MATERIA--NOMBRE GEOGRÁFICO | |
| Nombre geográfico | Ciudad Real (Provincia)- |
| Subdivisión general | Descripción. |
| 9 (RLIN) | 153471 |
| 651 #4 - PUNTO DE ACCESO ADICIONAL DE MATERIA--NOMBRE GEOGRÁFICO | |
| Nombre geográfico | Ciudad Real (Provincia)- |
| Subdivisión general | Historia. |
| 9 (RLIN) | 153470 |
| 700 1# - ENTRADA AGREGADA--NOMBRE PERSONAL | |
| Nombre de persona | Viñas y Mey, Carmelo |
| 9 (RLIN) | 115384 |
| 700 1# - ENTRADA AGREGADA--NOMBRE PERSONAL | |
| Nombre de persona | Paz, Ramón. |
| 9 (RLIN) | 89759 |
| 710 2# - ENTRADA AGREGADA--NOMBRE DE ENTIDAD CORPORATIVA | |
| Nombre de entidad corporativa o nombre de jurisdicción como elemento de entrada | Instituto Balmes de Sociología. |
| 9 (RLIN) | 4799 |
| 710 2# - ENTRADA AGREGADA--NOMBRE DE ENTIDAD CORPORATIVA | |
| Nombre de entidad corporativa o nombre de jurisdicción como elemento de entrada | Instituto "Juan Sebastián Elcano" |
| 9 (RLIN) | 5113 |
| 852 4# - LOCALIZACIÓN | |
| Ubicación | ES-MaACL |
| Número de control de estantería | E-5749 |
| Nota libre | (I. Provincia de Madrid) |
| 852 4# - LOCALIZACIÓN | |
| Ubicación | ES-MaACL |
| Número de control de estantería | P-1050 |
| 942 ## - ELEMENTOS DE ENTRADA SECUNDARIOS (KOHA) | |
| Fuente del sistema de clasificación o colocación | Clasificación decimal universal |
| Estatus retirado | Estado de pérdida | Estado de daño | No para préstamo | Biblioteca de origen | Biblioteca actual | Ubicación en estantería | Fecha de adquisición | Fuente de adquisición | Total de préstamos | Signatura topográfica completa | Código de barras | Visto por última vez | Precio de reemplazo | Tipo de ítem Koha |
|---|---|---|---|---|---|---|---|---|---|---|---|---|---|---|
| Biblioteca del Ateneo de Madrid | Biblioteca del Ateneo de Madrid | Depósito 2 | 06/11/2021 | E-5749 | 1202720 | 23/02/2023 | 23/02/2023 | Libro impreso | ||||||
| Biblioteca del Ateneo de Madrid | Biblioteca del Ateneo de Madrid | Depósito 2 | 17/01/2008 | P-1050 | 1147632 | 23/02/2023 | 23/02/2023 | Libro impreso |
